LEADER 00774nam0-2200301---450 001 990002771850203316 005 20220601121023.0 035 $a000277185 035 $aUSA01000277185 035 $a(ALEPH)000277185USA01 035 $a000277185 100 $a20060703d1984----km-y0itaa50------ba 101 0 $afre 102 $aBE 200 1 $aAilleurs en Ardenne$fJean Margeai 210 $aParis$cDuculot$d[c. 1984] 215 $a310 p.$d18 cm 410 1$12001 676 $a840.8099493 700 1$aMERGEAI,$bJean$0592825 801 0$aIT$bsalbc$gISBD 912 $a990002771850203316 951 $aXV.4. A. 301$bL.M.$cXV.4. 959 $aBK 969 $aFF 979 $aSENATORE$b90$c20060703$lUSA01$h1445 996 $aAilleurs en Ardenne$9997394 997 $aUNISA